| 000 | 00661nam a2200205 i 4500 | ||
|---|---|---|---|
| 001 | 45380 | ||
| 003 | ES-MaACL | ||
| 005 | 20230906161217.0 | ||
| 007 | t| | ||
| 008 | 030325s1981 sp ||||1| spa d | ||
| 100 | 1 |
_aColeridge, Samuel Taylor. _939581 |
|
| 245 | 1 | 3 |
_aLa oda del viejo marinero / _cSamuel Taylor Coleridge ; ilustraciones de Gustavo Doré ; traducción de Eduardo Chamorro. |
| 250 | _a[2ª ed.]. | ||
| 260 |
_a[Barcelona : _bLa Gaya Ciencia], _c1981. |
||
| 300 |
_a84 p. : _bil. ; _c30 cm. |
||
| 500 | _aTexto bilingüe. | ||
| 700 | 1 |
_aDoré, Gustave. _945388 |
|
| 700 | 1 |
_aChamorro, Eduardo. _937886 |
|
| 852 |
_aES-MaACL _jL-2065 _bR.102751 |
||
| 999 |
_c45380 _d45380 |
||